000 00447nam a2200181Ia 4500
008 220216s9999 xx 000 0 und d
100 _aGodon P
245 0 _aSystems of intercropping rubber and cashew
260 _bAgriculture et Developpement
_c1997
300 _a169-174
500 _aSource Year: 1998
650 _aCashew
650 _aIntercropping
650 _aRubber
700 _aNguyen Gia Quoc
856 _uHOA
942 _cJS
999 _c70193
_d70193